Landeshauptstädte Deutschlands von Nord nach Süd - Statistiken

Allgemein
  • Dieses Quiz wurde 78 mal gespielt
  • Das Durchschnittsergebnis liegt bei 13 aus 16
Antwortstatistiken
Breitengrad Hauptstadt % Korrekt
54°19'N Kiel
99%
53°05'N Bremen
94%
53°33'N Hamburg
94%
53°38'N Schwerin
94%
52°31'N Berlin
90%
52°24'N Potsdam
85%
52°22'N Hannover
84%
52°08'N Magdeburg
84%
48°08'N München
84%
49°14'N Saarbrücken
82%
48°47'N Stuttgart
81%
51°14'N Düsseldorf
79%
51°03'N Dresden
78%
50°59'N Erfurt
76%
50°00'N Mainz
73%
50°05'N Wiesbaden
73%
Keine übereinstimmenden Quizze gefunden
Verteilung der Resultate
Anzahl Personen mit jedem Resultat
Perzentil nach korrekt beantworteten Fragen
Ihre Resultats-Entwicklung
Sie haben dieses Quiz noch nicht gespielt